000 00699nam a22002297a 4500
003 UA-OsUOA
001 32378
007 ta
008 20050201b un ||||| |||| 00| 0 ukr d
090 _a821.411.21
_bТ93
942 _cBK
040 _aUA-OsUOA
_brus
_cUA-OsUOA
_dUA-OsUOA
245 _aТысяча и одна ночь
_bизбранные сказки
_cсост. Б. Шидфар
300 _a480 с.
_bІлюстрації
955 _a3
041 _arus
080 _a821.411.21
260 _aМосква
_bХудожественная литература
_c1975
044 _aRU
650 7 _a82 Література. Літературознавство
_2UDC
999 _c318820
_d318820